00311pab a2200121 454500008004000000100001600040245003700056260000900093300001300102362001200115650001800127773004400145180718b1992 xxu||||| |||| 00| 0 eng d aGhosh, B.N. aPublic policy: A conceptual note c1992 ap.64-69. aJan-Mar aPublic policy aIndian Journal of Public Administration